LEADER 01387nam a2200301 a 4500 001 000000122659 003 CaOOAMICUS 005 20100820125707.0 008 100820s2010 it u000 u ita r 020 $a978-88-8334-417-6 040 $aPUL$bita$dReb 082 04$a133.4 100 1 $aBrambilla, Elena,$d1942-$0(OLS)http://pul/name/14504 245 10$aCorpi invasi e viaggi dell'anima :$bSantitą, possessione, esorcismo dalla teologia barocca alla medicina illuminista /$cElena Brambilla. 260 $aRoma :$bViella,$c©2010. 300 $a302 p. ;$c21 cm 490 1 $aLibri di Viella ;$v108 504 $aBibliografia e fonti p. [243]-290. 650 4$aEsoterismo.$0(OLS)http://pul/subject/22418 650 4$aEsorcismo$xStoria$y1660-1710.$0(OLS)http://pul/subject/37130 830 0$aLibri di Viella ;$v108.$0(OLS)http://pul/title/21724 850 $aPUL 852 $aPUL$W1$xSL Filosofia 3$y81$m133. 4 BRAEL 1$j140890$qDDC 21$B139970$CPULBib$Z2$F139970 $H114651 $82 941 1 $a9 996 $6020$a978-88-8334-417-6$9(OLS)http://pul/number/145090 996 $6082$a133.4$9(OLS)http://pul/classification/656 996 $6245$aCorpi invasi e viaggi dell'anima :$bSantitą, possessione, esorcismo dalla teologia barocca alla medicina illuminista$9(OLS)http://pul/title/154599 996 $6260$aRoma :$bViella$9(OLS)http://pul/publisher/54599 LEADER 01610nam a2200361 a 4500 001 000000140333 003 CaOOAMICUS 005 20141105132455.0 008 141105s2004 it u000 u ita r 020 $a88-343-5023-5 040 $aPUL$bita 100 1 $aPetagine, Antonio.$0(OLS)http://pul/name/66067 245 10$aAristotelismo difficile :$bl'intelletto umano nella prospettiva di Alberto Magno, Tommaso d'Aquino e Sigieri di Brabante /$cAntonio Petagine. 260 $aMilano :$bV&P,$c©2004. 300 $aIX, 318 p. ;$c22 cm 490 1 $aFilosofia. Ricerche 490 1 $aVita e pensiero. Universitą 504 $aBibliografia p. [299]-318. 650 4$aAristotelismo.$0(OLS)http://pul/subject/20799 830 0$aUniversitą (Vita e Pensiero).$0(OLS)http://pul/title/154439 830 0$aRicerche (Vita e pensiero). $pFilosofia.$0(OLS)http://pul/title/132743 850 $aPUL 852 $aPUL$W1$xDP1 Cons. Gen., Altre Classi 1$y22$m389 B 5$j162155$qStampati$q $B161634$CPULBib$Z2$F161634 $H124942 $81 941 1 $a8 960 $aFilosofia aristotelica$920799 983 0$aFilosofia. Ricerche (Vita e Pensiero) 983 0$aV & P. Filosofia. Ricerche. 983 0$aVita e pensiero.$pUniversitą. 983 0$aV & P. Universitą. 996 $6020$a88-343-5023-5 $9(OLS)http://pul/number/156290 996 $6245$aAristotelismo difficile :$bl'intelletto umano nella prospettiva di Alberto Magno, Tommaso d'Aquino e Sigieri di Brabante$9(OLS)http://pul/title/177633 996 $6260$aMilano :$bV&P$9(OLS)http://pul/publisher/78336